Online
Catalog

La ceguera voluntaria : (Record no. 36525)

MARC details
000 -CABECERA
campo de control de longitud fija 00939nam a2200217 a 4500
001 - NÚMERO DE CONTROL
campo de control 000037035
005 - FECHA Y HORA DE LA ÚLTIMA TRANSACCIÓN
campo de control 20200930080110.0
008 - DATOS DE LONGITUD FIJA--INFORMACIÓN GENERAL
campo de control de longitud fija 120209s1985 ag 000 0 spa d
020 ## - NÚMERO INTERNACIONAL ESTÁNDAR DEL LIBRO
Número Internacional Estándar del Libro 9503701376
040 ## - FUENTE DE LA CATALOGACIÓN
Centro catalogador/agencia de origen DO-SdBNP
Lengua de catalogación spa
Centro/agencia transcriptor BNPHU
082 ## - NÚMERO DE LA CLASIFICACIÓN DECIMAL DEWEY
Número de clasificación xxxx
Número de documento/Ítem J48c
100 1# - ENTRADA PRINCIPAL--NOMBRE DE PERSONA
Nombre de persona Jelen, Christian,
Fechas asociadas al nombre 1940-
9 (RLIN) 63442
240 10 - TÍTULO UNIFORME
Título uniforme L´aveuglement
245 13 - MENCIÓN DE TÍTULO
Título La ceguera voluntaria :
Resto del título los socialistas y el nacimiento del mito soviético /
Mención de responsabilidad, etc. Christian Jelen; prólogo de Jean-Francois Revel; traducción por Margarita Estapé.
260 ## - PUBLICACIÓN, DISTRIBUCIÓN, ETC.
Lugar de publicación, distribución, etc. Argentina :
Nombre del editor, distribuidor, etc. Sudamericana/Planeta,
Fecha de publicación, distribución, etc. 1985.
300 ## - DESCRIPCIÓN FÍSICA
Extensión 235 p. ;
Dimensiones 22 cm.
500 ## - NOTA GENERAL
Nota general Traducido del francés
500 ## - NOTA GENERAL
Nota general Esta obra se limita a narrar acontecimientos, recabar testimonios, citar texto y nombrar personajes. Cada una de sus líneas suscita curiosidad; estupor, cólera, ironía o ansiedad
700 1# - PUNTO DE ACCESO ADICIONAL--NOMBRE DE PERSONA
Nombre de persona Revel, Jean-Francois,
Término indicativo de función/relación pról.
9 (RLIN) 20797
700 1# - PUNTO DE ACCESO ADICIONAL--NOMBRE DE PERSONA
Nombre de persona Estapé, Margarita,
Término indicativo de función/relación tr.
9 (RLIN) 63443
Holdings
Estado de retiro Estado de pérdida Restricciones de uso No para préstamo Código de colección Localización permanente Ubicación/localización actual Ubicación en estantería Fecha de adquisición Número de inventario Total de préstamos Signatura topográfica completa Código de barras Fecha visto por última vez Precio válido a partir de Tipo de ítem Koha
      Excluido de préstamo Monografías: Libros y Folletos General General En catalogación 09.02.2012 LF1   xxxx J48c 37035-10 25.06.2020 25.06.2020 No se presta

Powered by Koha